000 00487cam a2200181 4500
001 D10373
008 090401t xxu||||| |||| 00| 0 eng d
035 _a(Sirsi) u94825
041 _aeng
050 _a692.50994
100 _aCashman, R.F.
245 _aQuantity surveying practice in Australia
350 _a0
520 _aIn RICS "Tenth triennial conference of chartered quantity surveyors... 1975. 1975/23 ABCDE
700 _aSummers, D.R.
942 _n0
948 _c04/03/1997
999 _c98202
_d98202